[Event "Novgorod 3rd"]
[Site "Novgorod"]
[Date "1996.07.21"]
[Round "2"]
[White "Polgar, Judit"]
[Black "Topalov, Veselin"]
[Result "0-1"]
[WhiteElo "2665"]
[BlackElo "2750"]
[Annotator "Har Zvi,R"]
[PlyCount "70"]
[EventDate "1996.07.20"]
[EventType "tourn"]
[EventRounds "10"]
[EventCountry "RUS"]
[EventCategory "19"]
[SourceTitle "CBM 054"]
[Source "ChessBase"]
[SourceDate "1996.10.01"]
[SourceVersion "1"]
[SourceVersionDate "1996.10.01"]
[SourceQuality "1"]

1. e4 c5 2. Nc3 g6 3. Nf3 Bg7 4. d4 cxd4 5. Nxd4 Nc6 6. Be3 Nf6 7. Bc4 O-O 8.
Bb3 d6 9. h3 Na5 10. O-O b6 11. Qd3 (11. Bg5 Nxb3 12. axb3 Bb7 13. Qd3 a6 {
transposes to the game}) (11. Re1 Bb7 12. Bg5 h6 13. Bh4 Rc8 14. Nd5 g5 15.
Nxf6+ Bxf6 16. Bg3 Nxb3 17. axb3 Bxd4 18. Qxd4 Rxc2 19. Rxa7 Qc7 20. Qd1 Rc8
$13 {De Firmian,N-Kaliksteyn,A 1995}) 11... Bb7 12. Bg5 (12. Bd5 Qd7 13. Bxb7
Qxb7 14. Rad1 Rac8 15. Rfe1 {Moldovan,D-Marin,M Bucuresti 1994 60/230 [Marin,M]
} a6 $1 16. Nf3 b5 17. a3 Nc4 18. Bc1 Rc7 $15 {Marin}) (12. Rad1 Rc8 13. Rfe1
Rxc3 14. Qxc3 Nxe4 15. Qd3 Nxb3 16. Nxb3 Qc7 17. c3 Nc5 18. Nxc5 bxc5 19. Bg5
$13 {/+/= Kholmov,R-Hachian,M Moscow 1995}) (12. f4 Rc8 13. Rae1 Rxc3 14. Qxc3
Nxe4 15. Qd3 Nxb3 16. axb3 e5 17. Ne2 Qa8 18. b4 Nf6 19. Rf2 Ne4 20. Rff1 Re8 {
with good compensation for black Mortensen-Kudrin 1983}) 12... Nxb3 13. axb3 a6
14. Rfe1 h6 15. Bd2 $2 {normally in this position the bishop goes to h4,where
he can put some presure along the h4-d8 diagonal,and indeed white's bishop is
not good on d2} (15. Bh4 Re8 16. Rad1 Qc7 17. Nde2 Rac8 18. Rd2 b5 19. f3 b4
20. Na4 d5 21. exd5 Nxd5 {when black has a good position Mitkov,N-Osmanbegovic,
S Cannas op 1995}) 15... b5 16. f4 e6 {black is already better,he has the pair
of bishops it is not clear where white wants to attack,and black just wants to
open the center with e5 and d5,now we can see why the bishop is needed on h4}
17. Kh2 $6 {putting the king in the h2-b8 diagonal is not the best idea} Rc8 {
white played a wrong plan,insted of playing positionly,with B on h4 and rooks
on d1-e1 white is playing for the attack,but this only serves black since
white really has no attack but creating weakness} 18. Re2 Qc7 19. b4 Rfd8 {
it is clear now black is going to break in the center and his 2 bishops will
become very powerfull} 20. Nb3 e5 $1 21. fxe5 d5 $1 {of course not 21...dxe5,
now the g7 bishop will enter the game and with the "d" and "c" file black's
rooks are also placed very good,white is paying now for Kh2} 22. exd5 Nxd5 23.
Qg3 Nxb4 24. Rf1 Re8 $1 {going for the e5 pawn there is no defence} (24... Nxc2
25. Bxh6 Bxh6 26. Rxc2 b4) 25. Bf4 g5 26. Nd4 gxf4 27. Rxf4 Rxe5 28. Rxe5 (28.
Nf5 Rxf5 29. Rxf5 Qxg3+ 30. Kxg3 Bxc3 31. bxc3 Rxc3+) 28... Qxe5 29. Nf5 Rc4 $1
{the game is over,it is impossible to prevent the exchange of queens} 30. Nxh6+
Kh7 31. Rxc4 bxc4 32. Nxf7 Qxg3+ 33. Kxg3 Kg6 34. Nd8 Bc8 35. Na4 Be5+ 0-1

[Event "Novgorod 3rd"]
[Site "Novgorod"]
[Date "1996.07.26"]
[Round "6"]
[White "Topalov, Veselin"]
[Black "Kramnik, Vladimir"]
[Result "1-0"]
[WhiteElo "2750"]
[BlackElo "2765"]
[Annotator "Donev,I"]
[PlyCount "67"]
[EventDate "1996.07.20"]
[EventType "tourn"]
[EventRounds "10"]
[EventCountry "RUS"]
[EventCategory "19"]
[SourceTitle "CBM 054"]
[Source "ChessBase"]
[SourceDate "1996.10.01"]
[SourceVersion "1"]
[SourceVersionDate "1996.10.01"]
[SourceQuality "1"]

1. e4 {Huzman HarZvi} c5 2. Nf3 Nc6 3. d4 cxd4 4. Nxd4 Nf6 5. Nc3 d6 6. Bc4 Qb6
7. Nxc6 $5 bxc6 8. O-O e6 (8... g6 $5 {Diese Fortsetzung führt zur
Drachenvariante.}) 9. Qe2 (9. b3 {HarZvi} Be7 10. Bb2 O-O 11. Qe2 e5 (11... d5
$2 12. exd5 cxd5 13. Bxd5 exd5 14. Qxe7) 12. Kh1 (12. Na4 Qc7 13. Bd3 Nd7 14.
c4 Nb6 15. Nc3 a5 16. Nd1 Nd7 17. Ne3 Nc5 18. Bc2 Re8 19. Rad1 Ne6 20. g3 Qb6
21. Nf5 $6 c5 $1 {Har Zvi: and black position seems very nice Dimitrov,
V-Cabrilo,G 1990}) 12... Qc7 13. Rae1 Nd7 14. Na4 Bb7 (14... Bf6) 15. Bd3 Rfe8
16. c4 $13 {Karpov-Stein,L URS-ch39 Leningrad 1971}) (9. Bf4 {HarZvi}) 9... Nd7
{Har Zvi: probably black does not want to enter 9...Be7 10.e5} (9... Be7 {
HarZvi} 10. e5 dxe5 11. Qxe5 O-O 12. Na4 Qb4 13. b3 Nd5 14. Qe2 Bf6 15. Bd2 Qe7
16. Rad1 Nb6 17. Nc3 Nxc4 18. Qxc4 a5 19. Rfe1 $14 {/+/- Sutovskij,E-Gross,D
Wch under 18 1995}) 10. b3 Be7 11. Bb2 O-O 12. Na4 Qc7 13. f4 {Vermeidet ...
Ne5.} Bb7 (13... d5 14. Bd3 (14. exd5 cxd5 15. Bxd5 $4 Bc5+ $19) 14... Bf6 (
14... g6 {HarZvi} 15. c4 Bf6 16. Bxf6 Nxf6 17. e5 Nd7 18. c5 f6 19. Rae1 {
Prie,E-Miralles,G France-Ch 1989}) 15. c4 Bxb2 16. Qxb2 $14) (13... Bf6 14.
Bxf6 Nxf6 15. e5 $1 $16) 14. Rad1 Rae8 $6 {Wie wir später sehen werden,
entwickelt Kramnik auf e8 den falschen Turm. Das Problem, mit welchem Turm
wohin, kommt im Mitelspiel sehr oft vor. Die Entscheidung ist von den
beiderseitigen Mittelspielplänen abhängig. Um die eigene Intuition zu
verbesern, empfehle ich den Lesern die Partien des ehemaligen Weltmeisters
Capablanca zu studieren. Er hat fast immer die richtige Entscheidung bei der
Turmplazierung getroffen.} (14... d5 15. Bd3 $1 {/\ed5 nebst Bh7,Qh5 und Bg7,
so könnte Topalov die berühmte Kombination Laskers mit dem Doppel Läuferopfer
vorbereiten.} (15. Bd3 {Huzman} Nc5 (15... c5 16. exd5 Bxd5 17. Bxh7+ Kxh7 18.
Qh5+ Kg8 19. Bxg7 Kxg7 20. Qg4+ Kh8 21. Rd3 Nf6 (21... Be4 22. Rh3+ Bh7 23.
Rxh7+ Kxh7 24. Rf3 $18) 22. Rh3+ Nh7 23. Qh5 Be4 24. f5 $18) 16. Qg4 g6 17.
Nxc5 Bxc5+ 18. Kh1 $14 {/\} dxe4 19. Bxe4 f5 20. Qg5 $16)) (14... c5 {Huzman}
15. f5 $16) 15. Rd3 c5 {Not a correct move,after this move white gets a very
pleasent position. Topalov hat zwei Figuren, die ungünstig stehen: Bc4 und Na4.
Er versucht, den Läufer abzutauschen und den Springer zu zentraliesiren.} (
15... d5 16. Rg3 Bf6 (16... Nf6 {Huzman} 17. Bd3 $40) 17. e5 Be7 18. Bd3 $40) (
15... Bf6 {HarZvi} 16. e5 $1 dxe5 17. fxe5 Nxe5 (17... Bxe5 $2 18. Rxd7 Bxh2+
19. Kh1 Qxd7 20. Kxh2 $18) 18. Rxf6 $3 gxf6 19. Rh3 $1 {the threat is simply
Qh5 there is only one defence} c5 20. Qh5 {the simplest way} Be4 21. Qh4 $1 {
with both threats Qxe4 and Qxf6 when black can resign}) 16. Bb5 $1 {A very
strong move both positionally a tactically because now white's threat after
the pin along the a4-e8 diagonal is Rg3. Es droht 17.Bd7 Qd7 nebst 18.Nc5.} Bc6
(16... Rd8 17. Bxd7 Rxd7 18. Qg4 (18. Rg3 {HarZvi} g6 $6 (18... e5 19. c4 $14 {
/+/-}) 19. f5 $40) (18. f5 $40 {Huzman}) 18... g6 19. f5 $40) 17. Bxc6 Qxc6 18.
c4 $1 {Har Zvi: white got his advantage,black has a weak "d" pawn plus white
has some threats over the king's side ><d6 Strategisch richtig. Fixiert den
schwachen Bauern d6 auf der halboffenen d-Linie.} Rd8 19. Rfd1 Rfe8 {Schwarz
versucht sich wieder harmonisch aufzustellen. Kramnik mußte jedoch in der
Zwischenzeit seinem Gegner viel Raum im Zentrum überlassen.} 20. Qf3 $16 {
Es droht e4-e5 mit Druck auf der d-Linie, deshalb weicht die schwarze Dame aus.
} Qc7 21. Qg3 {Der Anziehende bezitzt Raumvorteil. Hinter seinen Bauern (c4,
e4 und f4) gruppiert er seine Figuren neu, um einen Angriff am Königsflügel zu
beginnen.} Nf6 22. Nc3 a6 23. Qh3 {Har Zvi: a very strong move,white has some
idea about an f5 break after which he is looking to have some preasure on the
h3-c8 diagonal,plus he has a very interesting idea,putting all his heavy
pieces in the third rank! ><24.f5} Qc6 24. Rg3 {[%cal Yb2g7,Yg4g7]} Kh8 25. Re1
(25. f5 {Huzman} Bf8) 25... Qc8 26. Ree3 $1 {Der weiße Angriff wird Zug um Zug
stärker. Momentan droht das Turmopfer auf g7.} Rg8 27. Nd1 Rd7 {/\ 28...d5
><28...d5} (27... Rde8 {Huzman} 28. e5 dxe5 29. fxe5 Nd7 30. Nf2 $16) 28. f5 $1
{/\ 29.B:f6 B:f6 30.Q:h7+!} (28. Bxf6 $2 {HarZvi} Bxf6 29. Qxh7+ $4 Kxh7 30.
Rh3+ Bh4 $19 (30... Kg6 31. Reg3+ Bg5 $19)) 28... e5 {[%csl Rd5] Kramnik will
den starken Läufer b2 einschränken. Der große Nachteil dieses Zuges ist die
Schwächung des Feldes d5.} (28... exf5 29. Rg5 (29. exf5 $1 {HarZvi with the
idea Bxf6-Qxh7} Re8 {this is an excellent example of white's idea to put all
his heavy pieces in  the third rank} (29... h6 30. Rxe7 Rxe7 31. Bxf6 Re1+ 32.
Kf2 Rxd1 33. Qxh6#) 30. Rxg7 $3 Kxg7 31. Rg3+ Kh8 32. Qh6 {with mate}) 29...
fxe4 (29... h6 30. Reg3 $16) 30. Bxf6 Bxf6 31. Qxh7+ $3 Kxh7 32. Rh3#) 29. Nc3
$18 {Har Zvi: the knight has nothing more to do on d1,now white wants to
change it with black's one after the h7 square will be very weak} Bd8 30. Nd5
h6 (30... Nxd5 31. Qxh7+ $1 $18 (31. Qxh7+ $1 {HarZvi} Kxh7 32. Rh3+ Bh4 33.
Rxh4#)) 31. Bc1 $1 {Alles läuft nach Plan. Nachdem der Springer seinen starken
Vorposten d5 erreicht, will auch der Läufer b2 am Angriff teilnehmen.} Nxd5 32.
exd5 Bf6 33. Re4 {Mit zwei Ideen: a)Bh6 b)Reg4} Qf8 (33... Kh7 {HarZvi} 34.
Reg4 Rh8 35. Bxh6 gxh6 36. Qxh6+ Kxh6 37. Rh3+ Bh4 38. Rhxh4#) 34. Reg4 {
Die Drohung 35.B:h6 ist nicht abzuwehren. Der junge Bulgarische Großmeißter
hat eine musterhafte, wunderbare Partie zum Thema "Figurenangriff am
Königsflügell bei beiderseitiger kurzer Roschade" durchgefürt.} 1-0

[Event "Olympiad-32"]
[Site "Yerevan"]
[Date "1996.09.26"]
[Round "10.1"]
[White "Topalov, Veselin"]
[Black "Apicella, Manuel"]
[Result "1-0"]
[WhiteElo "2750"]
[BlackElo "2560"]
[Annotator "Shipov,S"]
[PlyCount "99"]
[EventDate "1996.09.15"]
[EventType "team-swiss"]
[EventRounds "14"]
[EventCountry "ARM"]
[SourceTitle "CBM 055"]
[Source "ChessBase"]
[SourceDate "1996.12.01"]
[SourceVersion "1"]
[SourceVersionDate "1996.12.01"]
[SourceQuality "1"]
[WhiteTeam "Bulgaria"]
[BlackTeam "France"]
[WhiteTeamCountry "BUL"]
[BlackTeamCountry "FRA"]

1. Nf3 Nf6 2. c4 g6 3. d4 Bg7 4. g3 O-O 5. Bg2 d6 6. O-O Nbd7 7. Nc3 e5 8. e4
exd4 (8... c6) 9. Nxd4 Re8 10. h3 Nc5 11. Re1 Bd7 (11... a5) 12. Bf4 (12. Rb1
h6 13. b3 a6 14. Bb2 Rb8 15. b4 Ne6 16. Nde2 b5 17. cxb5 axb5 18. Nd5 Nxd5 19.
exd5 Ng5 20. Nf4 Be5 $132 {Greenfeld,A-Spasov,V/Belgrade/1994/0:1/35/}) 12...
a6 (12... Qc8 13. Kh2 a6 (13... h6 14. f3 a5 $6 (14... a6 $5 {/\ Rb8,b5/}) 15.
Qd2 Kh7 16. Rad1 a4 17. Ndb5 $1 Bc6 18. Be3 b6 19. Qc2 $16 {Zaichik,G-Georgiev,
Ki/Katerini/1992/1:0/36/}) 14. Rc1 h5 15. b4 Ne6 16. Nxe6 Bxe6 17. c5 dxc5 18.
Nd5 $1 Bxd5 19. exd5 Rxe1 20. Qxe1 Qf5 21. Bxc7 Re8 22. Qd2 Ne4 23. Qf4 Qxd5
24. Rxc5 $14 {Ginsburg,G-Ryskin,A/Pinsk/1993/0,5/42/}) 13. Qd2 (13. Qc2 $2
Nfxe4 $1 $17) 13... Rb8 14. Rad1 Qc8 15. Kh2 b5 (15... Ne6 $5 16. Be3 b5 $132)
16. b4 $1 Ne6 17. Nxe6 Bxe6 18. c5 dxc5 19. bxc5 Nd7 $2 (19... b4 $1 20. Nd5
Bxd5 21. exd5 Rxe1 22. Qxe1 a5 $132) 20. Nd5 $1 Ne5 (20... Nxc5 $6 21. Nxc7) (
20... Bxd5 21. exd5 Rxe1 22. Rxe1 Nxc5 23. Rc1 $16) 21. Bg5 $1 Bxd5 (21... Nc4
22. Qf4 $16) 22. exd5 $16 Qf5 23. d6 cxd6 24. cxd6 Bf6 (24... Nc4 25. Qf4) (
24... Nd7 25. Qf4 $16 (25. Bc6 $2 Ne5 $1 26. Rxe5 Rxe5 27. d7 Qxg5 28. Qxg5
Rxg5 29. d8=Q+ Rxd8 30. Rxd8+ Bf8 $10)) 25. Bxf6 Qxf6 26. Qf4 $1 Qxf4 (26...
Kg7 27. d7 $18) 27. gxf4 Nc4 (27... Nd7 28. Re7 $1 Nb6 (28... Red8 29. Bd5 $1)
29. Ra7 $18) 28. Rxe8+ Rxe8 29. d7 Rd8 30. Bb7 Nb6 (30... a5 31. Ba6) 31. Bxa6
Rxd7 (31... b4 32. Bb5 Kf8 33. Rd4 $18) 32. Rxd7 Nxd7 33. Bxb5 Nc5 (33... Nb6
34. a4 Kf8 35. a5 Nc8 36. Kg3 Ke7 37. Kf3 Kd6 38. Bc4 $18) 34. a4 Nb3 35. Bc4
Na5 36. Bd5 $18 Kf8 37. Kg3 Ke7 38. Kf3 f6 39. Ke4 Kd6 40. Kd4 g5 41. fxg5 fxg5
42. Ke4 Kc5 43. f3 h6 44. Ke5 Kb4 45. Kf6 Kxa4 46. Kg6 Kb4 47. Kxh6 Kc5 48. Ba2
Nc6 49. Kxg5 Kd6 50. h4 1-0

[Event "Las Palmas"]
[Site "Las Palmas"]
[Date "1996.12.21"]
[Round "10"]
[White "Ivanchuk, Vassily"]
[Black "Topalov, Veselin"]
[Result "0-1"]
[WhiteElo "2730"]
[BlackElo "2750"]
[Annotator "Shamkovich,L"]
[PlyCount "46"]
[EventDate "1996.12.08"]
[EventType "tourn"]
[EventRounds "10"]
[EventCountry "ESP"]
[EventCategory "21"]
[SourceTitle "CBM 057"]
[Source "ChessBase"]
[SourceDate "1997.04.01"]
[SourceVersion "1"]
[SourceVersionDate "1997.04.01"]
[SourceQuality "1"]

1. e4 {Ftacnik} c5 2. Nf3 d6 3. d4 cxd4 4. Nxd4 Nf6 5. Nc3 a6 6. Be3 e6 {
Alternate lines are 6... e5 and 6... Ng4 7.Bg5 h6 8.Bh4 g5. Black is ready to
play the regular Scheveningen after 6. Be2} 7. g4 $5 {Ivanchuk demonstrates
his fighting spirit} h6 8. f4 b5 $5 (8... e5 9. Nf5 g6 10. fxe5 dxe5 11. g5 $1
{is in White's favor}) (8... Qc7 {Ftacnik} 9. g5 hxg5 10. fxg5 Nfd7 11. g6 Ne5
12. gxf7+ Nxf7 13. Qe2 Nc6 14. O-O-O Bd7 15. Qc4 Nfd8 16. h4 Rc8 17. Qe2 Be7
18. Qg2 Bf6 19. h5 Ne5 20. h6 gxh6 21. Rxh6 Rxh6 22. Qg8+ Ke7 23. Nf5+ exf5 24.
Nd5# {1-0 Mironov,S-Popov,A/Bankia op (08) 1990}) (8... Nc6 {Ftacnik} 9. Qf3 (
9. h3 Qc7 (9... d5 $5 10. e5 Nd7 11. Qe2 Qh4+ $1 12. Kd2 Bc5 13. Nxc6 bxc6 14.
Bxc5 Nxc5 15. Qe3 Qe7 16. Rd1 Rb8 17. Kc1 a5 $15 {Shirov,A-Salov,V/Moscow/1992/
0|1/44/}) (9... Bd7 10. Qe2 Be7 11. Bg2 Qc7 12. O-O Nxd4 13. Bxd4 e5 14. Be3
exf4 15. Rxf4 Be6 16. Nd5 Bxd5 17. exd5 O-O $10 {Balashov,Y-Psakhis,L/
Sverdlovsk/1987/0,5/31/}) 10. Qe2 Bd7 $5 (10... e5 $5 11. Nb3 exf4 12. Bxf4 Be6
13. Nd5 Bxd5 14. exd5+ Ne5 15. O-O-O Nfd7 16. Kb1 g6 17. Qd2 Bg7 18. Bd3 h5
$132 {Bologan,V-Novikov,I/Nikolaev/1995/0,5/42/}) 11. O-O-O (11. Bg2 b5 12. e5
$1) 11... b5 $5 12. Bg2 b4 13. Nd5 exd5 14. exd5 Nxd4 15. Bxd4+ Be7 16. g5 Bb5
17. Qe3 Rc8 18. Rd2 hxg5 19. fxg5 Nd7 20. Bxg7 Rg8 21. Re1 Ne5 22. Bxe5 dxe5
23. h4 Bd6 24. Be4 a5 25. h5 a4 26. g6 {1-0 Hracek,Z-Oll,L/Parnu-A (06)/1996/ 
(34)}) 9... Nxd4 10. Bxd4 e5 11. fxe5 dxe5 12. Bxe5 Nxg4 13. Bg3 Bb4 14. a3
Bxc3+ 15. Qxc3 O-O 16. Bd3 Qg5 17. Qd2 Ne5 18. Qxg5 Nxd3+ 19. cxd3 hxg5 20. Kd2
{Topalov,V-Kolev,At/Elenite (03)/1995/1-0 (54)}) (8... d5 {Ftacnik} 9. e5 Nfd7
10. Qd2 Nc6 11. O-O-O Qc7 12. Bd3 g5 13. Nf3 gxf4 14. Bxf4 Ndxe5 15. Nxe5 Nxe5
16. Nxd5 exd5 17. Bxe5 Bd6 18. Bxh8 Bf4 19. Rhe1+ Be6 20. Re3 d4 21. Bxd4 O-O-O
22. Bf5 Bxf5 23. gxf5 {1-0 Palac,M-Soln,P/Bled op (02)/1996/}) 9. Bg2 Bb7 10.
g5 $6 {This line is double-edged, but after defeat in the previous round,
Ivanchuk tries to create complications at any cost. It is nteresting to
mention that at the same time this variation was tested in the first round of
Groningen International.} (10. a3 Nbd7 11. O-O (11. g5 {Ftacnik} hxg5 12. fxg5
Nh5 13. g6 Ne5 14. gxf7+ Kxf7 15. O-O+ Nf6 16. Nf3 Nxf3+ 17. Bxf3 Qc7 18. e5
dxe5 19. Bxb7 Qxb7 20. Qg4 Rc8 21. Ne4 Rc4 22. Ng5+ Kg6 23. Qg3 Nh5 {0-1
Shirov,A-Van Wely,L/Tilburg (07)/1996 (41)}) 11... g6 12. Qe2 e5 13. Nb3 exf4
14. Bxf4 Ne5 15. Rad1 Nfxg4 16. Nd5 Bxd5 17. exd5 g5 18. Bg3 h5 19. Nd4 Bg7 20.
h3 h4 21. Be1 Nh6 22. Qh5 Nhg4 23. hxg4 Rxh5 24. gxh5 Ng4 25. Nc6 Qb6+ 26. Kh1
Kf8 27. Rd3 Re8 28. Rdf3 Kg8 29. Ba5 Qc5 30. Rxf7 Ne3 31. h6 Bxh6 32. Re7 Rf8
33. Rxf8+ Bxf8 34. Bb4 Qb6 35. Re6 Nxg2 36. Kxg2 Kh7 37. Re4 Qb7 38. Rg4 Qf7
39. Nd4 Qxd5+ 40. Nf3 Be7 {0-1 Shirov,A-Van Wely,L/Koop Tjuchem, Groningen NED
1996}) 10... hxg5 11. fxg5 b4 {The necessary counterblow; now White Knight is
distracted from center. After 11... Nh5 White is better.} 12. Na4 (12. gxf6 {
Ftacnik} bxc3 13. fxg7 Bxg7 14. bxc3 Bxe4 $1 $17) (12. Nd5 {Ftacnik} exd5 13.
gxf6 Qxf6 (13... dxe4 14. fxg7 Bxg7 15. Nf5 Be5 16. Bd4 $10) 14. exd5 Qe5 15.
Qe2 Be7 $15) 12... Nh5 (12... Nxe4 $6 13. Qg4 d5 14. O-O-O {with dangerous
attack} (14. Bxe4 {Ftacnik} dxe4 15. O-O-O $40 Nd7 (15... Qa5 16. Nxe6 fxe6 17.
Qxe6+ Be7 18. Qg6+ Kf8 19. Rhf1+ $18) 16. Nxe6 $16)) 13. O-O (13. Bf3 {Ftacnik}
g6 14. e5 d5 $15) (13. g6 $5 {Ftacnik} Nd7 (13... Qh4+ 14. Bf2 Qe7 15. gxf7+
Qxf7 16. Nb6 Nf4 17. Bf3 $14) 14. gxf7+ Kxf7 15. Qg4 Qe7 16. Rf1+ Nhf6 17. Qg3
$14) 13... Nd7 14. g6 ({Maybe} 14. c3 bxc3 (14... Ne5 15. cxb4 Nc4 16. Qe2 Nxe3
17. Qxe3 {with the threat 18.g6}) 15. g6 $1 {is more accurate}) 14... Nhf6 15.
c3 (15. gxf7+ {Ftacnik} Kxf7 16. Qg4 Qe7 17. Rad1 (17. e5 $6 Nxe5 18. Qxe6+
Qxe6 19. Nxe6 Bxg2 20. Ng5+ Kg6 21. Kxg2 Nd5 $17) 17... Ne5 $13) 15... Ne5 (
15... bxc3 $2 {Ftacnik} 16. gxf7+ Kxf7 17. Qb3 cxb2 18. Rab1 Rb8 19. Nxe6 Qc8
20. Ng5+ Kg6 21. Qf7+ Kh6 22. Rf3 $18) (15... Qe7 {Ftacnik} 16. Qb3 d5 17. exd5
Bxd5 18. Bxd5 exd5 19. Rae1 $18) 16. gxf7+ Kxf7 17. cxb4 (17. Qb3 $5 {Ftacnik}
Qe7 18. Qxb4 Neg4 (18... Rh4 19. Nxe6 $1 Kxe6 20. Qb3+ d5 21. Bg5 $18) 19. Bf4
$16) 17... Rh4 $1 {Suddenly, Black Rook becomes very active. White must
consider both 18... Bxe4 and 18... Rg4} 18. Qb3 (18. Bf4 {Ftacnik} Rb8 19. b5
$16) 18... Qe8 {The critical position of the game} 19. Rac1 (19. Nc3 Rxh2 (
19... Rg4 20. h3 Rg3 21. Nf5 Rg6 22. Rad1 {with very complex play}) 20. Kxh2
Neg4+ 21. Kg1 Nxe3 22. Rf2 Nxg2 23. Kxg2 g5 {leads to complications with
unclear outcome}) (19. Bf4 Rc8 20. Bg3 Rh5 21. Nb6 Rc7) (19. Nc3 $16 {Ftacnik})
19... Bxe4 20. Rc7+ {Not a precise moves' order. Better was} (20. Bxe4 Rxe4 21.
Rc7+ (21. Nb6 Rb8 22. Nc4 Nxc4 23. Rxc4 Kg8 $10) (21. Bf2 Rg4+ 22. Kh1 Rf4 23.
Rc7+ Nfd7 24. Nc3 $10) 21... Kg8 (21... Ned7 22. Nb6 {and White is on top}) {
and if} 22. Nxe6 Rxe3 23. Qxe3 Qxe6 {the position is difficult to estimate})
20... Kg8 (20... Ned7 $2 {Ftacnik} 21. Bxe4 $1 (21. Nxe6 $6 Qxe6 22. Rxd7+ Be7
23. Bxe4 Rxe4 24. Qxe6+ Kxe6 25. Ra7 Rxa7 26. Bxa7 Rxb4 $10) 21... Rxe4 22. Nb6
Rd8 23. Nc6 Kg8 24. Nxd8 Qxd8 25. Rc8 $18) 21. Nxe6 (21. Qxe6+ $2 {Ftacnik}
Qxe6 22. Nxe6 Rg4 23. Rf2 Nd5 $19) 21... Rg4 $1 {The coldblooded reply!
Discovered checks are not dangerous for Black, for instance.} {Ivanchuk's hope
was the next move...} 22. Rxf6 $2 {Here 22... gxf6 fails to 23.Ng5+} (22. Nxg7+
Kh8 23. Nxe8 Rxg2+ {mating}) (22. Ng5+ Bd5 $1 $19) (22. Nxf8+ {Ftacnik} Bd5 $19
) (22. Rf2 $2 {Ftacnik} Bd5 $1 23. Qxd5 Nxd5 24. Rxf8+ Qxf8 25. Nxf8 Nxe3 $19)
(22. Nf4+ $142 {Ftacnik} d5 23. Nc3 (23. Nc5 Bxc5 24. bxc5 Nd3 25. h3 Rg5 $17)
23... Bxg2 24. Nxg2 Rxb4 $15) 22... Rxg2+ (22... gxf6 $4 23. Ng5+ $16) 23. Kf1
(23. Kh1 {Ftacnik} Rg3+ 24. Rf3 Bxf3#) 23... Qb5+ {Ivanchuk obviously
overlooked it.} (23... Qb5+ {Ftacnik} 24. Rc4 gxf6 $19 (24... Qxc4+ 25. Qxc4
Nxc4 $19)) 0-1

[Event "Linares 14th"]
[Site "Linares"]
[Date "1997.02.04"]
[Round "1"]
[White "Ivanchuk, Vassily"]
[Black "Topalov, Veselin"]
[Result "0-1"]
[WhiteElo "2740"]
[BlackElo "2725"]
[Annotator "Huzman,A"]
[PlyCount "58"]
[EventDate "1997.02.04"]
[EventType "tourn"]
[EventRounds "11"]
[EventCountry "ESP"]
[EventCategory "18"]
[SourceTitle "CBM 057"]
[Source "ChessBase"]
[SourceDate "1997.04.01"]
[SourceVersion "1"]
[SourceVersionDate "1997.04.01"]
[SourceQuality "1"]

1. Nf3 Nf6 2. c4 c5 3. Nc3 Nc6 4. e3 e6 5. d4 d5 6. a3 a6 7. dxc5 Bxc5 8. b4
Ba7 (8... Bd6 9. Bb2 O-O $10) 9. Bb2 O-O 10. Bd3 (10. Be2 Qe7 11. O-O Rd8 12.
Qc2 d4 13. exd4 Nxd4 14. Nxd4 Bxd4 15. Bf3 $14 {Gheorghiu,F-Parma,B/Ljubljana/
1969/}) 10... Qe7 (10... dxc4 11. Bxc4 Qe7 (11... b5 12. Bb3 $10 (12. Bd3)
12... Bb7 13. O-O Qxd1 14. Rfxd1 Rfd8 15. Rxd8+ Rxd8 16. Rd1 Rxd1+ 17. Nxd1 {
1/2-1/2 Razuvaev,Y-Tukmakov,V/URS-FL Ashkhabad 1978}) 12. O-O b5 13. Bd3 Bb7
14. Ne4 Nxe4 15. Bxe4 Rac8 {1/2-1/2 Zaltsman,V-Sosonko,G/Lone Pine op 1979})
11. O-O Rd8 12. Qe2 Bd7 13. Rac1 Rac8 14. cxd5 ({Another plan for the white
leads to the "Merano" type position(by changing colour)after} 14. c5 $5 {
/\15.e4d416.e5} e5 15. e4 d4 16. Nd5 Qe6 17. Bc4 $16) 14... exd5 15. h3 h6 16.
Rfd1 Be6 17. b5 (17. Na4 d4 $1 18. exd4 Bb3 19. Qxe7 Nxe7 20. Re1 Rxc1 21. Bxc1
Nc6 22. Nc5 Nxd4 23. Nxd4 Rxd4 $14 {\=}) 17... axb5 18. Nxb5 Bb8 19. Bb1 Ne4
$11 20. Ba2 Ng5 21. Nfd4 (21. Nbd4 $5 Qd6 22. Nxe6 fxe6 (22... Nxf3+ 23. Qxf3
fxe6 (23... Qh2+ $2 24. Kf1 fxe6 25. Qg4 $18) 24. g3 $14) 23. g3 Ne4 (23...
Nxh3+ 24. Kg2 Ng5 25. Nxg5 hxg5 26. e4 $36) 24. Bb1) 21... Nxd4 22. Bxd4 (22.
Nxd4 Qd6 23. f4 $11) 22... Ne4 23. a4 (23. Qh5 Rc6 24. Bb2 Rdc8 $132) (23. Qb2
Qg5 $40) 23... Rc6 $1 24. Ba7 $2 Rdc8 $1 25. Qb2 (25. Rxc6 bxc6 26. Bxb8 Rxb8
27. Nd4 (27. f3 Ng3 (27... cxb5 28. fxe4 dxe4 29. Bxe6 Qxe6 30. axb5 Qb3 $17)
28. Qf2 cxb5 29. Qxg3 Qa7 30. Qf4 bxa4 31. Rd4 Ra8 $17) 27... Qa3 28. Bb1 Nc3
29. Qc2 g6 $1 $17) (25. Qe1 Nxf2 $1 26. Rxc6 (26. Kxf2 Qh4+ 27. Kf3 Qe4+ 28.
Kf2 Qxa4 $1 $19) 26... bxc6 27. Bxb8 (27. Qxf2 Bxa7 $19) 27... Nxd1 28. Na7
Rxb8 29. Nxc6 Qd6 30. Nxb8 Nb2 $19) 25... Qh4 26. Rxc6 bxc6 27. Rc1 Nxf2 $1 28.
Qxf2 Bh2+ 29. Kf1 Qxa4 0-1